000 nam a22 7a 4500
999 _c2179
_d2179
005 20170515150319.0
008 170515b2002 enk||||| |||| 00| 0 eng d
020 _a0030341566
040 _aAKMAL
082 _a382.1 KRE
090 _a382.1
_bKRE
100 1 _a Kreinin, Mordechai Elihau,
_d1930-
_94587
245 1 0 _aInternational economics :
_ba policy approach /
_cMordechai E. Kreinin.
250 _a9th ed.
260 _aMason, Ohio ;
_aLondon :
_b Thomson Learning,
_c c2002
300 _axvii, 426 p. :
_b ill. ;
_c24 cm
504 _aIncludes bibliographical references (p. 411-413) and index.
650 0 _aInternational economic relations.
_979
650 0 _aCommerce.
_94588
650 0 _aCommercial policy.
_93112
942 _2ddc
_cBOOK